000 00710nam a2200241Ia 4500
003 OSt
005 20221005085204.0
006 a|||||r|||| 00| 0
007 ta
008 221004b |||||||| |||| 00| 0 eng d
024 _a18571
037 _bGift, 03/06/2015,
_cTextual
040 _aCRL
_cCRL
_beng
041 _2eng
_aeng
082 _aO111,3L89,HA, K1
100 _aCooper J. Fenimore
_961667
245 0 _aHome as found
_b A sequel to homeward bound
260 _aNew York
_bCo-operative Pub U.S.A
_c1961
300 _a473p.
_ccm.
650 _aENGLISH LITERATURE
942 _hO111,3L89,HA, K1
_cTEXL
_2cc
999 _c993815
_d993815